Prístupy k meraniu komparatívnych výhod a konkurencieschopnosti krajiny

Prístupy k meraniu konkurencieschopnosti a štruktúry obchodu krajiny. Teória medzinárodného obchodu založená na komparatívnych výhodách. Nástroje používané na analýzu medzinárodného obchodu krajín a index prejavených komparatívnych výhod.

Gespeichert in:
Bibliographische Detailangaben
1. Verfasser: Brinčíková, Zuzana, 1979-
Format: Buchkapitel
Sprache:Slowakisch
Schlagworte:
Tags: Tag hinzufügen
Keine Tags, Fügen Sie das erste Tag hinzu!

MARC

LEADER 00000nla a2200000 4500
001 0226683
005 20240712112109.8
041 0 |a slo 
044 |a SK 
245 1 0 |a Prístupy k meraniu komparatívnych výhod a konkurencieschopnosti krajiny  |c Zuzana Brinčíková 
520 |a Prístupy k meraniu konkurencieschopnosti a štruktúry obchodu krajiny. Teória medzinárodného obchodu založená na komparatívnych výhodách. Nástroje používané na analýzu medzinárodného obchodu krajín a index prejavených komparatívnych výhod. 
610 2 0 |a konkurencieschopnosť 
610 2 0 |a konkurencia 
610 2 0 |a obchod medzinárodný 
610 2 0 |a výhody konkurenčné 
610 2 0 |a výhody komparatívne 
610 2 0 |a indexy 
610 2 0 |a meranie 
100 1 |a Brinčíková, Zuzana, 1979-